000 01140nam0a22002771 4500
001 rc\648358
005 20250621195542.0
035 _a(NLR Aleph) 005888793
090 _a6155417
_c6155417
100 _a20031121d1986 |||y0rusy50 ca
101 0 _arus
102 _aRU
105 _aa |||||||||
200 1 _aЭкспериментальная электронная микроскопия высокого разрешения
_fПер. с англ. под ред. В.Н. Рожанского
210 _aМ.
_cНаука
_d1986
215 _a319, [1] с., [1] л. ил.
_cил.
_d23
300 _aЗагл. корешка: Электронная микроскопия высокого разрешения
320 _aБиблиогр.: с. 313-320
320 _aПеревод изд.: Experimental high-resolution ebectron microscopy / John C. H. Spense (Oxford, 1981)
517 0 _aЭлектронная микроскопия высокого разрешения
700 1 _aСпенс
_bД.
_gДжон
801 0 _aRU
_bNLR
_gpsbo
801 1 _aRU
_bELAR
_2rusmarc
852 _aNLR
_j86-5/7460
942 _cBOOK
980 _aNB